000
00319nam a22001457a 4500
008
231025b ||||| |||| 00| 0 eng d
020
_a
9780198539483
041
_a
eng
080
_a
621
082
_a
621MEH
100
_a
19
101
_a
MEK
245
_a
THE BEAT OF A DIFFERENT DRUM
_c
MEHRA .J
942
_2
udc
_c
BK
999
_c
60471
_d
60471